000 00785cab a2200241 4500
001 WB3125-17
008 090401t1995 xxu||||| |||| 00| 0 eng d
035 _a(Sirsi) u15172
041 _aeng
245 _aEnvironment Agency
260 _c1995
350 _a0
490 _aFinancial Times
_v30 June 1995, 9(1)
520 _aThe establishment in April 1996 of the Environment Agency has won parliamentary approval. Lord De Ramsey is the new chairman and Ed Gallagher the first chief executive.
650 _aCONTAMINATED LAND
650 _aENVIRONMENT AGENCY
650 _aINSPECTORATE FOR POLLUTION
650 _aNATIONAL RIVERS AUTHORITY
650 _aWASTE REGULATION AUTHORITIES
690 _aENVIRONMENTAL AND LAND CONSULTANCY
942 _n0
948 _c04/03/1997
999 _c9920
_d9920